Statystyki dla Państwa z największą liczbą podróży pociągiem na mieszkańca

Kliknij tutaj aby rozwiązać quiz!

Ogólne statystyki

  • Ten quiz został rozwiązany 205 razy
  • Średni wynik to 15 z 20

Statystyki odpowiedzi

kmPaństwo% Poprawnych
963Chiny
95%
1,179Niemcy
95%
1,609Francja
93%
897Rosja
93%
3,464Japonia
90%
1,205Wielka Brytania
88%
920Włochy
82%
850Indie
81%
1,340Szwecja
77%
847Norwegia
75%
964Czechy
70%
1,090Holandia
70%
1,740Korea Południowa
70%
885Belgia
69%
821Finlandia
69%
2,433Szwajcaria
66%
1,143Dania
64%
1,488Austria
63%
795Węgry
52%
1,032Kazachstan
34%

Rozkład punktacji

Percentyl według liczby udzielonych odpowiedzi

Procent ludzi z każdym wynikiem

Twoja historia wyników

Nie rozwiązałeś tego quizu